[Event "Polugaevsky Memorial 2015"]
[Site "Samara RUS"]
[Date "2015.07.10"]
[Round "8.5"]
[White "Ulko, Jaroslav"]
[Black "Litvinov, Maxim"]
[Result "1-0"]
[WhiteTitle "IM"]
[WhiteElo "2461"]
[BlackElo "2392"]
[WhiteFideId "4116658"]
[BlackFideId "24157449"]
[EventDate "2015.07.03"]

1. d4 d5 2. c4 e6 3. Nf3 Nf6 4. Nc3 Nbd7 5. Bg5 Be7 6. e3 h6 7. Bh4 O-O 8. Rc1
c6 9. Bd3 dxc4 10. Bxc4 b5 11. Bd3 a6 12. Bb1 Bb7 13. Qc2 c5 14. dxc5 b4 15. Na4
Be4 16. Qd1 Bxb1 17. Bxf6 gxf6 18. Rxb1 Nxc5 19. Nxc5 Qxd1+ 20. Rxd1 Bxc5 21.
Ke2 Ra7 22. Rd2 Rc8 23. Rc1 Rac7 24. Rdc2 Kf8 25. Ne1 a5 26. Nd3 Bd6 27. Rxc7
Rxc7 28. Rxc7 Bxc7 29. e4 Ke7 30. Ke3 Kd7 31. h3 Kc6 32. f4 Bd8 33. b3 Be7 34.
Kf3 Kd6 35. Kg4 Bf8 36. Kh5 Bg7 37. g4 Bf8 38. e5+ Ke7 39. h4 Bg7 40. exf6+ Bxf6
41. Ne5 Bg7 42. Nc4 Bf8 43. Nxa5 Kd6 44. Nc4+ Kd5 45. Ne5 Ke4 46. Nxf7 Kxf4 47.
Nd8 Ke5 48. Kg6 Kd6 49. Nf7+ Kd5 50. Nxh6 e5 51. Nf5 e4 52. h5 Bc5 53. h6 e3 54.
Nxe3+ Bxe3 55. h7 Bd4 56. Kf7 1-0

[Event "Polugaevsky Memorial 2015"]
[Site "Samara RUS"]
[Date "2015.07.10"]
[Round "8.6"]
[White "Oganian, Miran"]
[Black "Mokshanov, Alexey"]
[Result "0-1"]
[WhiteTitle "FM"]
[BlackTitle "IM"]
[WhiteElo "2370"]
[BlackElo "2458"]
[WhiteFideId "4122488"]
[BlackFideId "24121657"]
[EventDate "2015.07.03"]

1. Nf3 d5 2. g3 Nf6 3. Bg2 e6 4. O-O Be7 5. d4 O-O 6. c4 dxc4 7. Qc2 a6 8. Qxc4
b5 9. Qc2 Bb7 10. Bd2 Be4 11. Qc1 Bb7 12. Qc2 Bd6 13. Re1 Nbd7 14. e4 e5 15. Ba5
Qe8 16. dxe5 Nxe5 17. Nbd2 Nfd7 18. Nxe5 Nxe5 19. f4 Nc6 20. e5 Be7 21. Bxc6
Bxc6 22. Ne4 Bxe4 23. Qxe4 c5 24. f5 c4 25. Bb6 Qc8 26. Kg2 Re8 27. Rad1 Rb8 28.
Ba7 Rb7 29. Bd4 Bb4 30. Bc3 Bxc3 31. bxc3 Rbe7 32. Rd5 Qc6 33. Kf3 h6 34. g4 Qc7
35. Re2 Qb6 36. Kg2 Qa5 37. Qd4 Qa3 38. Rd6 b4 39. cxb4 Qxb4 40. e6 fxe6 41.
Rdxe6 Qb7+ 42. Kf2 Rxe6 43. Rxe6 Rc8 44. Rd6 Qc7 45. Kf3 c3 46. Rd7 Qc6+ 47. Ke3
Qc5 48. Rd8+ Kh7 49. Rxc8 Qxc8 50. Qd1 c2 51. Qc1 Qc3+ 52. Ke2 Qc4+ 53. Kd2 Qxa2
54. Qxc2 Qxc2+ 55. Kxc2 Kg8 56. h4 Kf7 57. g5 h5 58. Kc3 Ke7 59. Kb4 Kd6 60. Ka5
Ke5 61. f6 gxf6 62. g6 Ke6 63. Kxa6 Ke7 64. Kb5 Kf8 65. Kc5 Kg7 66. Kd5 Kxg6 67.
Ke4 Kg7 68. Kf4 Kf8 69. Ke4 Ke7 70. Kf5 Kf7 71. Ke4 Ke6 72. Kf4 f5 73. Kg5 Ke5
74. Kxh5 Kf6 75. Kh6 f4 76. h5 f3 77. Kh7 f2 78. h6 Kf7 79. Kh8 f1=Q 80. h7 Qa1# 0-1

[Event "Polugaevsky Memorial 2015"]
[Site "Samara RUS"]
[Date "2015.07.10"]
[Round "8.7"]
[White "Lugovskoy, Maxim"]
[Black "Gevorgyan, David"]
[Result "1/2-1/2"]
[WhiteTitle "IM"]
[BlackTitle "IM"]
[WhiteElo "2432"]
[BlackElo "2368"]
[WhiteFideId "24126454"]
[BlackFideId "13303244"]
[EventDate "2015.07.03"]

1. e4 g6 2. d4 Bg7 3. Nf3 d6 4. Nc3 a6 5. a4 Nd7 6. Bc4 e6 7. Bg5 Ne7 8. Qd2 h6
9. Be3 d5 10. exd5 Nb6 11. Be2 Nbxd5 12. Nxd5 Nxd5 13. O-O c5 14. Rfd1 Nxe3 15.
Qxe3 cxd4 16. Nxd4 Qe7 17. Bf3 O-O 18. c3 e5 19. Nb3 f5 20. Bd5+ Kh7 21. f3 Rb8
22. a5 h5 23. Qa7 Qc7 24. Ra4 e4 25. Rc4 Qf4 26. Rf1 Qd6 27. Rd1 Be6 28. Qb6
Rfd8 29. fxe4 fxe4 30. Rc5 Qxb6 31. axb6 Rd6 32. Na5 Rbd8 33. c4 Rxb6 34. Rc7
Bxd5 35. cxd5 Rb5 36. Nc4 Rbxd5 37. Rxd5 Rxd5 38. Rxb7 Kh6 39. Kf2 Bd4+ 40. Ke2
Rg5 41. g3 Rf5 42. Ke1 Bf2+ 43. Ke2 Bg1 44. h4 Rf2+ 45. Kd1 Rf1+ 46. Ke2 Rf2+
47. Kd1 e3 48. Nxe3 Rf3 49. Nc4 Rxg3 50. Ne5 Be3 51. Nf7+ Kg7 52. Ke2 Bg1 53.
Ng5+ Kf8 54. Rb8+ Ke7 55. Rb7+ Ke8 56. Rb8+ Kd7 57. Rb7+ Kc6 58. Rg7 Kb5 59.
Rxg6 Bd4 60. Rh6 Bxb2 61. Rxh5 Kc4 62. Ne4 Rg2+ 63. Kf3 Rg6 64. Rh7 a5 65. h5
Ra6 66. h6 a4 67. Rc7+ Kb4 68. h7 Rh6 69. Rb7+ Ka3 70. Kg4 Ka2 71. Kg5 Rh3 72.
Nf2 Rb3 73. Re7 a3 74. Re2 Rb5+ 75. Kg6 Rb6+ 76. Kg5 Rb5+ 77. Kg4 Rb8 78. Kf5
Kb1 79. Re1+ Kc2 80. Re2+ Kb1 81. Re1+ Kc2 82. Re2+ Kb3 83. Nd3 Bc3 84. Nc1+ Kc4
85. Re4+ Kb5 86. Na2 Rf8+ 87. Kg6 Bb2 88. Rb4+ Kc5 89. Ra4 Kb5 90. Rb4+ Kc5 91.
Ra4 Rb8 92. Kf5 Rf8+ 93. Kg6 Rb8 94. Kf5 Kc6 95. Rc4+ Kd5 96. Ra4 Rf8+ 97. Kg6
Rf6+ 98. Kg5 Rf8 99. Kg6 Rc8 100. Kf5 Rf8+ 101. Kg6 Rc8 102. Kf5 Kd6 103. Ra6+
Kc5 104. Ra4 Kd5 105. Rb4 Rf8+ 106. Kg6 Rc8 107. Ra4 Rc6+ 108. Kg5 Rc8 109. Kf5
Kd6 110. Ra6+ Kc5 111. Ra4 Kd5 112. Rb4 Rf8+ 113. Kg6 Rc8 114. Ra4 Rc6+ 115. Kg5
Rc8 116. Kf5 Rf8+ 117. Kg6 Rc8 118. Rh4 Ke6 119. Nb4 Ra8 120. Re4+ Kd6 121. Rc4
Ke6 122. Rc6+ Kd7 123. Rb6 Kc7 124. Nd5+ Kd7 125. Nf6+ Kc7 126. Nd5+ Kd7 127.
Nb4 Kc7 128. Rb5 Kd7 129. Kf7 Kd6 130. Rd5+ Kc7 131. Rg5 Kd6 132. Rg8 Ra7+ 133.
Kg6 a2 134. Nxa2 Rxa2 135. Rd8+ Ke7 136. h8=R Bxh8 137. Rxh8 1/2-1/2

[Event "Polugaevsky Memorial 2015"]
[Site "Samara RUS"]
[Date "2015.07.10"]
[Round "8.8"]
[White "Zubkov, Vsevolod"]
[Black "Tunik, Gennady"]
[Result "1/2-1/2"]
[BlackTitle "GM"]
[WhiteElo "2368"]
[BlackElo "2423"]
[WhiteFideId "24136760"]
[BlackFideId "4101219"]
[EventDate "2015.07.03"]

1. d4 Nf6 2. c4 e6 3. g3 d5 4. Bg2 Be7 5. Nf3 O-O 6. O-O dxc4 7. Ne5 Nc6 8. Bxc6
bxc6 9. Nxc6 Qe8 10. Nxe7+ Qxe7 11. Na3 c5 12. dxc5 Qxc5 13. Be3 Qb4 14. Qd2
Qxd2 15. Bxd2 Ba6 16. Bc3 Nd5 17. f3 f6 18. Rfd1 Rfd8 19. Rac1 Nb6 20. Kf2 Na4
21. Ba5 Rd5 22. Rxd5 exd5 23. b3 Nb6 24. Rd1 Re8 25. e3 Rb8 26. Nc2 Bb7 27. Nb4
Rc8 28. Bxb6 axb6 29. Nxd5 Bxd5 30. Rxd5 cxb3 31. axb3 Rc2+ 32. Kg1 Rc3 33. Rb5
Rxe3 34. Rxb6 Rxf3 35. Rb7 h5 36. Rb5 Kf7 37. Rxh5 Rxb3 38. Ra5 Rb2 39. Ra7+ Kg6
40. Ra5 Rc2 1/2-1/2

[Event "Polugaevsky Memorial 2015"]
[Site "Samara RUS"]
[Date "2015.07.10"]
[Round "8.9"]
[White "Kozionov, Kirill"]
[Black "Pustovoitova, Daria"]
[Result "1-0"]
[WhiteTitle "IM"]
[BlackTitle "FM"]
[WhiteElo "2406"]
[BlackElo "2351"]
[WhiteFideId "24101729"]
[BlackFideId "4182146"]
[EventDate "2015.07.03"]

1. e4 c6 2. d3 d5 3. Nd2 e5 4. Ngf3 Bd6 5. d4 exd4 6. exd5 cxd5 7. Nxd4 Nf6 8.
Bb5+ Bd7 9. Qe2+ Qe7 10. Bxd7+ Kxd7 11. Qxe7+ Bxe7 12. N2f3 Bb4+ 13. c3 Re8+ 14.
Be3 Bd6 15. O-O-O Nc6 16. Nf5 Bf8 17. Bg5 Ke6 18. Bxf6 Kxf5 19. Bh4 Ke6 20. Ng5+
Kd6 21. Nxf7+ Kc5 22. Bg5 Ne5 23. Be3+ Kc6 24. Nxe5+ Rxe5 25. Bd4 Re2 26. Rd2
Rae8 27. Be3 Rxd2 28. Kxd2 a6 29. Rf1 b5 30. Kd3 b4 31. Rc1 Kd7 32. Kd4 Rb8 33.
Kxd5 bxc3 34. bxc3 Rb5+ 35. Kc4 Rb2 36. Rd1+ Kc6 37. Rd2 Rb1 38. Rd8 Be7 39. Ra8 1-0

[Event "Polugaevsky Memorial 2015"]
[Site "Samara RUS"]
[Date "2015.07.10"]
[Round "8.10"]
[White "Slavin, Alexey"]
[Black "Karpenko, Artem"]
[Result "1-0"]
[WhiteTitle "IM"]
[WhiteElo "2403"]
[BlackElo "2176"]
[WhiteFideId "24104388"]
[BlackFideId "24175595"]
[EventDate "2015.07.03"]

1. c4 e5 2. g3 Nf6 3. Bg2 Bc5 4. Nc3 Nc6 5. a3 a6 6. e3 O-O 7. Nge2 Re8 8. O-O
d6 9. d3 Ba7 10. h3 Ne7 11. e4 Nd7 12. Kh2 f5 13. d4 c6 14. Bg5 h6 15. Be3 exd4
16. Bxd4 Nc5 17. Qc2 fxe4 18. b4 Ne6 19. Bxa7 Rxa7 20. Nxe4 b5 21. Rad1 Rd7 22.
h4 Bb7 23. Bh3 Nc8 24. c5 d5 25. N4c3 Rf7 26. f4 Qf6 27. f5 Nf8 28. Nf4 Nd7 29.
Ne6 Ne5 30. Rde1 Nc4 31. Qd3 Ne7 32. a4 Ne5 33. Qc2 Nc4 34. a5 Bc8 35. Qd3 Ne5
36. Qd4 Nd7 37. Qd3 Ne5 38. Qc2 Nc4 39. Rf4 h5 40. Re2 Ne5 41. Ng5 Rff8 42. Rxe5
Qxe5 43. f6 Bf5 44. Bxf5 Rxf6 45. Be6+ Qxe6 46. Qh7+ Kf8 47. Nxe6+ 1-0

[Event "Polugaevsky Memorial 2015"]
[Site "Samara RUS"]
[Date "2015.07.11"]
[Round "9.1"]
[White "Alekseenko, Kirill"]
[Black "Belyakov, Bogdan"]
[Result "1-0"]
[WhiteTitle "GM"]
[BlackTitle "IM"]
[WhiteElo "2513"]
[BlackElo "2500"]
[WhiteFideId "4135539"]
[BlackFideId "24104795"]
[EventDate "2015.07.03"]

1. e4 e5 2. Nf3 Nc6 3. Bb5 Nf6 4. d3 Bc5 5. O-O d6 6. c3 O-O 7. Nbd2 a6 8. Bxc6
bxc6 9. Re1 Re8 10. h3 h6 11. Nf1 a5 12. Ng3 a4 13. Qc2 Bb6 14. Be3 Nh7 15. d4
Qf6 16. dxe5 dxe5 17. Kh2 Ng5 18. Nxg5 hxg5 19. c4 Bd4 20. Qd2 a3 21. Bxd4 exd4
22. b4 Qe5 23. Kg1 c5 24. bxc5 g6 25. Ne2 Rd8 26. Nc1 Qxc5 27. Nd3 Qa5 28. Qe2
Be6 29. Rac1 Kg7 30. Qf3 Ra6 31. g4 Bc8 32. e5 Re6 33. Qe4 Qb6 34. Rb1 Qc6 35.
Rb4 Qxe4 36. Rxe4 Rb6 37. Re1 Be6 38. Ra4 Rdb8 39. Re4 Rb1+ 40. Kg2 Rd8 41. Kf3
Rh1 42. Ke2 Ra1 43. Rxa3 Bxc4 44. Kd2 Rxa2+ 45. Rxa2 Bxa2 46. Nc5 Bc4 47. e6
Bxe6 48. Rxe6 fxe6 49. Nxe6+ Kf6 50. Nxd8 Ke5 51. Kd3 c5 52. Kc4 Ke4 53. Ne6 Kf3
54. Nxc5 Kxf2 55. Kxd4 Kg2 56. Ke3 Kg3 57. Ne6 Kxh3 58. Kf3 Kh4 59. Nf8 1-0

[Event "Polugaevsky Memorial 2015"]
[Site "Samara RUS"]
[Date "2015.07.11"]
[Round "9.2"]
[White "Dobrov, Vladimir"]
[Black "Ulko, Jaroslav"]
[Result "1/2-1/2"]
[WhiteTitle "GM"]
[BlackTitle "IM"]
[WhiteElo "2517"]
[BlackElo "2461"]
[WhiteFideId "4136594"]
[BlackFideId "4116658"]
[EventDate "2015.07.03"]

1. d4 e6 2. c4 b6 3. Nf3 Bb7 4. Nc3 Bb4 5. Qc2 f5 6. a3 Bxc3+ 7. Qxc3 Nf6 8. e3
O-O 9. Be2 Ne4 10. Qc2 d6 11. b4 Rf6 12. Bb2 Rg6 13. g3 Rh6 14. d5 exd5 15. cxd5
Bxd5 16. Rd1 Bb7 17. Qb3+ Kf8 18. g4 fxg4 19. Rg1 Qd7 20. Ne5 Qe6 21. Qxe6 Rxe6
22. Nd3 Re7 23. Rxg4 Nd7 24. Rh4 Ng5 25. Rh5 Nf3+ 26. Kf1 g6 27. Rh3 Rf7 28. Nf4
Nde5 29. b5 Re8 30. Rc1 g5 31. Nd3 Nxd3 32. Bxd3 Be4 33. Bxe4 Nd2+ 34. Ke2 Nxe4
35. Rf1 Re6 36. Bd4 Rg6 37. Rh5 Ke7 38. f3 Nc5 39. h4 gxh4 40. Bxc5 Rg2+ 41. Rf2
Rxf2+ 42. Kxf2 bxc5 43. Rxh4 Kd7 44. Ra4 Rf8 45. Rxa7 Rb8 46. Ra5 h5 47. e4 h4
48. f4 h3 49. Kg3 Rh8 50. Kh2 Rh4 51. e5 Rxf4 52. exd6 Kxd6 53. Ra6+ Kd5 54.
Kxh3 c4 55. Kg3 Rf1 56. Rc6 Ra1 57. Rxc7 Rxa3+ 58. Kf2 Rb3 59. Ke2 Kd4 60. Kd2
Rb2+ 61. Kc1 Rh2 62. Rg7 Kc3 63. Rg3+ Kb4 64. b6 1/2-1/2

[Event "Polugaevsky Memorial 2015"]
[Site "Samara RUS"]
[Date "2015.07.11"]
[Round "9.3"]
[White "Utegaliyev, Azamat"]
[Black "Kozionov, Kirill"]
[Result "1/2-1/2"]
[BlackTitle "IM"]
[WhiteElo "2462"]
[BlackElo "2406"]
[WhiteFideId "13702467"]
[BlackFideId "24101729"]
[EventDate "2015.07.03"]

1. e4 e5 2. Nf3 Nc6 3. Nc3 Nf6 4. Bb5 Bb4 5. O-O O-O 6. d3 d6 7. Bg5 Ne7 8. Nh4
c6 9. Bc4 d5 10. Bb3 a5 11. a4 Qd6 12. Qf3 h6 13. Bxf6 Qxf6 14. Qxf6 gxf6 15.
Ne2 dxe4 16. dxe4 Be6 17. Bxe6 fxe6 18. f4 Bd6 19. f5 Kf7 20. fxe6+ Kxe6 21. Nf5
Bc5+ 22. Kh1 Rad8 23. Nxe7 Bxe7 24. Rad1 Rxd1 25. Rxd1 f5 26. Ng3 fxe4 27. Nxe4
b5 28. axb5 cxb5 29. g3 a4 30. c3 Rf3 31. Re1 Kd5 32. Kg2 Rd3 33. h4 b4 34. cxb4
Bxb4 35. Re2 Kd4 36. Kf2 Rb3 37. h5 Ba5 38. g4 Bb6 39. Ke1 Rh3 40. Kd2 Ba5+ 41.
Kc2 a3 42. bxa3 Rxa3 43. Kb2 Rf3 44. Kc2 Ra3 45. Kb2 Rf3 46. g5 hxg5 47. Nxg5
Rg3 48. Nf7 Kd3 49. Rc2 Rg7 50. Nxe5+ Ke4 51. Re2+ Kf5 52. Nc4 Bd8 53. Nd6+ Kg5
54. Re5+ Kf4 55. Re1 Kg5 56. Re5+ Kf4 57. Re8 Be7 58. Nc8 Bf6+ 59. Kc2 Kg5 60.
Nd6 Kxh5 61. Ne4 Kg6 62. Kd3 Rd7+ 63. Ke3 Re7 64. Rf8 Bg7 65. Rf1 Bh6+ 66. Kd4
Bg7+ 67. Kd3 Rd7+ 68. Kc2 Rc7+ 69. Kb3 Re7 70. Rg1+ Kf5 71. Nd6+ Ke6 72. Rg6+
Bf6 73. Nc4 Kf7 74. Rg4 Rd7 75. Kb4 Rd4 76. Rg2 Rd5 77. Re2 Be7+ 78. Kb3 Bf6 79.
Nd2 Rd3+ 80. Kc4 Rc3+ 81. Kd5 Rc2 82. Rf2 Kg6 83. Ke6 Bg5 84. Ne4 Rxf2 85. Nxf2
Bf6 86. Ne4 Ba1 87. Nd2 Bh8 88. Nb1 Bb2 89. Kd5 Ba1 90. Ke4 Bb2 91. Kd3 Ba1 92.
Ke2 Bb2 93. Ke1 Ba1 94. Kf1 Bb2 95. Kg2 Ba1 96. Na3 Bh8 97. Nc4 Ba1 98. Kf3 Bc3
99. Kg4 Bd4 100. Nd6 Ba1 101. Ne4 Be5 102. Nf2 Bd4 103. Nh3 Be5 104. Kf3 Kf5
105. Ng1 Bd4 106. Ne2 Be5 107. Ke3 Bf6 108. Kd3 Be5 109. Kc4 Ke4 110. Kb5 Kd3
111. Nc1+ Kc2 112. Ne2 Kd3 113. Nc1+ Kc2 114. Na2 Bc3 115. Kc4 Bd2 116. Kd4 Kb2
117. Kd3 Ba5 118. Ke4 Kxa2 1/2-1/2

[Event "Polugaevsky Memorial 2015"]
[Site "Samara RUS"]
[Date "2015.07.11"]
[Round "9.4"]
[White "Mokshanov, Alexey"]
[Black "Slavin, Alexey"]
[Result "1-0"]
[WhiteTitle "IM"]
[BlackTitle "IM"]
[WhiteElo "2458"]
[BlackElo "2403"]
[WhiteFideId "24121657"]
[BlackFideId "24104388"]
[EventDate "2015.07.03"]

1. e4 d6 2. d4 Nf6 3. Nc3 c6 4. Nf3 g6 5. h3 Qa5 6. Bd3 e5 7. Be3 Bg7 8. Qd2 O-O
9. O-O-O Nbd7 10. Kb1 exd4 11. Nxd4 Nc5 12. Nb3 Nxb3 13. cxb3 Be6 14. Bc2 Rfd8
15. f4 b6 16. g4 d5 17. e5 d4 18. exf6 dxe3 19. Qxd8+ Rxd8 20. Rxd8+ Bf8 21.
Rhd1 Bd5 22. Nxd5 cxd5 23. R1xd5 b5 24. Re8 e2 25. Rxe2 Qa6 26. g5 Qc6 27. Rd8
Qh1+ 28. Bd1 Qxh3 29. Ree8 Qf5+ 30. Bc2 Qc5 31. b4 Qxb4 32. a3 Qc5 33. b4 Qg1+
34. Ka2 Qa1+ 35. Kxa1 h5 36. Rxf8+ Kh7 37. Rxf7# 1-0

[Event "Polugaevsky Memorial 2015"]
[Site "Samara RUS"]
[Date "2015.07.11"]
[Round "9.5"]
[White "Lugovskoy, Maxim"]
[Black "Goganov, Aleksey"]
[Result "1/2-1/2"]
[WhiteTitle "IM"]
[BlackTitle "GM"]
[WhiteElo "2432"]
[BlackElo "2601"]
[WhiteFideId "24126454"]
[BlackFideId "24109959"]
[EventDate "2015.07.03"]

1. e4 c5 2. Nf3 Nc6 3. c3 d5 4. exd5 Qxd5 5. d4 Bf5 6. Be3 e6 7. Na3 cxd4 8. Nb5
O-O-O 9. Nbxd4 Bc5 10. Qa4 Nxd4 11. Nxd4 Ne7 12. O-O-O Bb6 13. Be2 Qe4 14. Qc4+
Kb8 15. Bd3 Qxg2 16. Nxf5 Nxf5 17. Bxb6 axb6 18. Qf4+ Ka7 19. Qa4+ Kb8 20. Qf4+
Ka7 21. Bxf5 exf5 22. Qa4+ Kb8 23. Qf4+ Ka7 24. Qa4+ Kb8 25. Qf4+ Ka7 26. Qa4+
Kb8 27. Qf4+ 1/2-1/2

[Event "Polugaevsky Memorial 2015"]
[Site "Samara RUS"]
[Date "2015.07.11"]
[Round "9.6"]
[White "Tunik, Gennady"]
[Black "Timofeev, Artyom"]
[Result "0-1"]
[WhiteTitle "GM"]
[BlackTitle "GM"]
[WhiteElo "2423"]
[BlackElo "2536"]
[WhiteFideId "4101219"]
[BlackFideId "4140419"]
[EventDate "2015.07.03"]

1. d4 Nf6 2. c4 g6 3. Nc3 d5 4. cxd5 Nxd5 5. Bd2 Bg7 6. e4 Nxc3 7. Bxc3 c5 8. d5
Bxc3+ 9. bxc3 O-O 10. Nf3 e6 11. Be2 exd5 12. exd5 Nd7 13. O-O Nf6 14. c4 Re8
15. Re1 Bg4 16. h3 Bxf3 17. Bxf3 Rxe1+ 18. Qxe1 Ne8 19. Qe3 Rc8 20. Be2 Nd6 21.
Bf1 Qf6 22. Rd1 b6 23. a4 Re8 24. Qd2 Re4 25. Rc1 Rd4 26. Qe3 Kg7 27. Bd3 h5 28.
g3 h4 29. Kg2 Nf5 30. Bxf5 Qxf5 31. Rc3 hxg3 32. fxg3 Re4 33. Qd2 Qh5 34. Rc2
Qe5 35. Qc3 Rd4 36. Qf3 Qe8 37. a5 bxa5 38. Re2 Qd7 39. Qc3 Qa4 40. Rc2 Qe8 41.
Qf3 a4 42. Re2 Qd7 43. Qc3 Qf5 44. Rf2 Qe4+ 45. Kh2 Qd3 46. Qe1 Re4 47. Qa1+ Qd4
48. Qf1 f5 49. Rc2 a3 50. Ra2 Re3 51. Rf2 Qe5 52. Qg2 Rb3 53. h4 Qe4 54. Qxe4
fxe4 55. Kh3 Rb2 56. Rf1 a2 57. Ra1 e3 58. d6 Kf7 0-1

[Event "Polugaevsky Memorial 2015"]
[Site "Samara RUS"]
[Date "2015.07.11"]
[Round "9.7"]
[White "Papin, Vasily"]
[Black "Zubkov, Vsevolod"]
[Result "1-0"]
[WhiteTitle "GM"]
[WhiteElo "2500"]
[BlackElo "2368"]
[WhiteFideId "4143183"]
[BlackFideId "24136760"]
[EventDate "2015.07.03"]

1. d4 d5 2. c4 c6 3. Nf3 e6 4. Nbd2 f5 5. g3 Nf6 6. Bg2 Bd6 7. O-O Nbd7 8. b3
O-O 9. Bb2 b6 10. Ne5 Bb7 11. Nd3 Qe7 12. Rc1 a5 13. Nf4 Nb8 14. Nf3 Na6 15. Ne5
Nb4 16. a3 Na6 17. Rc2 Ne4 18. Qc1 Bxe5 19. dxe5 Nac5 20. Qe3 g5 21. Nh5 f4 22.
gxf4 gxf4 23. Nxf4 Qg5 24. Bc1 Qxe5 25. Nd3 Qf6 26. Bb2 Qg5 27. f4 Qh4 28. Ne5
Rf6 29. b4 axb4 30. axb4 Na4 31. Ba1 Rh6 32. Nf3 Qh5 33. Qd4 Nf6 34. c5 Kf7 35.
Ng5+ Ke7 36. h3 Rg6 37. Qe5 Ne8 38. Kh2 Qh4 39. Bd4 Qh6 40. e4 Ba6 41. Ra1 Bc4
42. exd5 Bxd5 43. Bxd5 cxd5 44. cxb6 1-0

[Event "Polugaevsky Memorial 2015"]
[Site "Samara RUS"]
[Date "2015.07.11"]
[Round "9.8"]
[White "Gevorgyan, David"]
[Black "Yuffa, Daniil"]
[Result "0-1"]
[WhiteTitle "IM"]
[BlackTitle "IM"]
[WhiteElo "2368"]
[BlackElo "2474"]
[WhiteFideId "13303244"]
[BlackFideId "24131423"]
[EventDate "2015.07.03"]

1. d4 Nf6 2. c4 g6 3. Nc3 Bg7 4. g3 O-O 5. Bg2 c5 6. d5 e6 7. Nf3 exd5 8. cxd5
d6 9. O-O Re8 10. Re1 a6 11. a4 Nbd7 12. h3 Ne4 13. Nxe4 Rxe4 14. Nd2 Re8 15.
Kh2 f5 16. a5 g5 17. Nc4 Ne5 18. Nb6 Rb8 19. Ra3 Ng6 20. f4 gxf4 21. gxf4 Bd7
22. Rg3 Bf6 23. Rg1 Bh4 24. Bf3 Bxg3+ 0-1

[Event "Polugaevsky Memorial 2015"]
[Site "Samara RUS"]
[Date "2015.07.11"]
[Round "9.10"]
[White "Iljushin, Alexei"]
[Black "Yeletsky, Ivan"]
[Result "0-1"]
[WhiteTitle "GM"]
[BlackTitle "FM"]
[WhiteElo "2531"]
[BlackElo "2310"]
[WhiteFideId "4122178"]
[BlackFideId "24180327"]
[EventDate "2015.07.03"]

1. c4 c5 2. Nc3 Nc6 3. g3 g6 4. Bg2 Bg7 5. a3 d6 6. Rb1 a5 7. d3 e5 8. e3 Nge7
9. Nge2 O-O 10. O-O Rb8 11. Bd2 Be6 12. Qc2 d5 13. cxd5 Nxd5 14. f4 Nxc3 15.
bxc3 c4 16. d4 Bf5 17. Be4 Bg4 18. Rf2 exd4 19. cxd4 Re8 20. Rxb7 Rxb7 21. Bxc6
Bf5 22. Qxc4 Rb1+ 23. Rf1 Rxf1+ 24. Kxf1 Re6 25. Bf3 h5 26. Kf2 Bg4 27. Bxg4
hxg4 28. d5 Rd6 29. e4 Qb6+ 30. Be3 Qb1 31. e5 Rd8 32. d6 Qb7 33. Qc7 Qa8 34.
Ke1 Bf8 35. Qa7 Qh1+ 36. Bg1 Qe4 37. Qc7 Qb1+ 38. Qc1 Qe4 39. Qc7 Qb1+ 40. Kf2
Rb8 41. Qc1 Qe4 42. Qe3 Qd5 43. Nc3 Rb2+ 44. Ke1 Qc4 45. Qd4 Qc6 46. Nd1 Ra2 47.
Nc3 Rc2 48. Nd1 Qg2 49. Bf2 Qh1+ 50. Bg1 Rg2 51. Kf1 Rxh2 52. Nf2 Qg2+ 53. Ke2
Qxg1 54. d7 Be7 55. d8=Q+ Bxd8 56. Qxd8+ Kh7 57. Qd4 Qxg3 0-1